000 00304nam a2200133 i 4500
001 bg
100 1 _aREISSLAND, J. A.
245 0 _aThe physics of phonons /
_cJ.A. Reissland.
260 _aLondon,
_c1973.
040 _cBPK
041 _apol
942 _cKS
008 s pl f |000 0 pol
999 _c25758
_d25758
856 _uhttp://koha.tu.koszalin.pl/cgi-bin/koha/opac-detail.pl?biblionumber=25758
_yKatalog online BPK